Music Quiz

Random Music or Album Quiz

80s Sophomore Albums Quiz Stats

 Plays Quiz not verified by Sporcle

Support Sporcle.
Go Orange.
Score 0/30 Timer 08:00
0 Plays Today
% Correct
Tears for Fears
80.7%
The Smiths
71%
Meat is Murder
70.3%
Beastie Boys
60.7%
Pixies
60%
Paul's Boutique
56.6%
Doolittle
53.8%
Joy Division
53.8%
New Order
53.1%
Songs From the Big Chair
53.1%
Closer
51.7%
Power, Corruption and Lies
46.9%
R.E.M.
46.2%
Red Hot Chili Peppers
44.8%
The Cure
44.1%
% Correct
Seventeen Seconds
33.1%
Reckoning
32.4%
Soundgarden
31.7%
Dinosaur Jr.
29.7%
Sonic Youth
28.3%
You're Living All Over Me
26.9%
The Jesus and Mary Chain
24.8%
Bad Moon Rising
23.4%
Freaky Styley
22.1%
Darklands
21.4%
Galaxie 500
20%
Cocteau Twins
17.2%
Louder Than Love
17.2%
On Fire
15.9%
Head over Heels
9.7%

You're not logged in!

Compare scores with friends on all Sporcle quizzes.
OR
Log In

From the Vault

Divisibility Minefield

by puckett86

This math is like totally exploding our mind, you guys.
Remove Ads.
Support Sporcle.
Get the best of Sporcle when you Go Orange. This ad-free experience offers more features, more stats, and more fun while also helping to support Sporcle. Thank you for becoming a member.

Show Comments

Extras

Top Quizzes Today


Score Distribution

Your Account Isn't Verified!

In order to create a playlist on Sporcle, you need to verify the email address you used during registration. Go to your Sporcle Settings to finish the process.

Report this User

Report this user for behavior that violates our Community Guidelines.

Details: